书目信息 |
| 题名: |
模拟电子技术基础学习要点与习题解析
|
|
| 作者: | 李义府 主编 | |
| 分册: | ||
| 出版信息: | 长沙 国防科技大学出版社 2004.05 |
|
| 页数: | 248页 | |
| 开本: | 26cm | |
| 丛书名: | 工科核心课程学习辅导丛书 | |
| 单 册: | ||
| 中图分类: | TN710 , TN01 | |
| 科图分类: | ||
| 主题词: | 模拟电子技术基础--要点与解析--辅导教材 , 无线电电子学--理论 , 通信技术--理论 | |
| 电子资源: | ||
| ISBN: | 7-81099-068-3 | |
| 000 | 01076nam 2200301 450 | |
| 001 | 0186175317 | |
| 005 | 20050525103017.63 | |
| 010 | @a7-81099-068-3@dCNY 24.00 | |
| 100 | @a20041216d2004 km y0chiy0120 ea | |
| 101 | 0 | @achi |
| 102 | @aCN@b430000 | |
| 105 | @aa a 000yy | |
| 200 | 1 | @a模拟电子技术基础学习要点与习题解析@Amo ni dian zi ji shu ji chu xue xi yao dian yu xi ti jie xi@f李义府主编@Fli yi fu zhu bian |
| 210 | @a长沙@c国防科技大学出版社@d2004.05 | |
| 215 | @a248页@c图@d26cm | |
| 225 | 2 | @a工科核心课程学习辅导丛书@i电子信息类 |
| 320 | @a有书目 (第248页)。 | |
| 330 | @a本书内容包括:常用半导体器件,基本放大电路,多级放大电路,集成运算放大电路,放大电路的反馈,信号的运算与处理,功率放大电路,直流电源等。 | |
| 410 | 0 | @12001 @a工科核心课程学习辅导丛书 |
| 410 | 0 | @12001 @a电子信息类 |
| 606 | 0 | @a模拟电子技术基础@x要点与解析@x辅导教材 |
| 606 | 0 | @a无线电电子学@x理论 |
| 606 | 0 | @a通信技术@x理论 |
| 690 | @aTN710@v4 | |
| 690 | @aTN01@v3 | |
| 701 | 0 | @a李义府@Ali yi fu@4主编 |
| 801 | 0 | @aCN@bQSSK@c20050525 |
| 905 | @a10447@dTN01@eL310 | |
| 模拟电子技术基础学习要点与习题解析/李义府主编.-长沙:国防科技大学出版社,2004.05 |
| 248页:图;26cm.-(工科核心课程学习辅导丛书.电子信息类) |
| ISBN 7-81099-068-3:CNY 24.00 |
| 本书内容包括:常用半导体器件,基本放大电路,多级放大电路,集成运算放大电路,放大电路的反馈,信号的运算与处理,功率放大电路,直流电源等。 |
| ● |
| 相关链接 |
|
|
|
正题名:模拟电子技术基础学习要点与习题解析
索取号:TN01/L310
 
预约/预借
| 序号 | 登录号 | 条形码 | 馆藏地/架位号 | 状态 | 备注 |
| 1 | 498829 | 204988291 | 自科库301/301自科库 23排4列4层/ [索取号:TN01/L310] | 在馆 | |
| 2 | 498830 | 204988308 | 期刊室512/301自科库 17排1列5层/ [索取号:TN01/L310] | 在馆 | |
| 3 | 498831 | 204988317 | 自科库301/301自科库 23排4列4层/ [索取号:TN01/L310] | 在馆 |